Standard terms (Record no. 61620)
[ view plain ]
| 000 -LEADER | |
|---|---|
| fixed length control field | 00669cam a2200205 4500 |
| 001 - CONTROL NUMBER | |
| control field | ABS61486 |
| 008 - FIXED-LENGTH DATA ELEMENTS--GENERAL INFORMATION | |
| fixed length control field | 000000n1999 000 0 eng u |
| 035 ## - SYSTEM CONTROL NUMBER | |
| System control number | (Sirsi) u102624 |
| 100 ## - MAIN ENTRY--PERSONAL NAME | |
| Personal name | Dale, R.A. |
| 245 ## - TITLE STATEMENT | |
| Title | Standard terms |
| 260 ## - PUBLICATION, DISTRIBUTION, ETC. | |
| Date of publication, distribution, etc. | 1999 |
| 490 ## - SERIES STATEMENT | |
| Series statement | Premises and Facilities Management |
| Volume/sequential designation | November 1999, 43(1) |
| 520 ## - SUMMARY, ETC. | |
| Summary, etc. | Outlines the main points of the CIOB's Facilities Management Contract, and suggests the situations to which it would be most applicable. |
| 590 ## - LOCAL NOTE (RLIN) | |
| Local note | ABS |
| 650 ## - SUBJECT ADDED ENTRY--TOPICAL TERM | |
| Topical term or geographic name entry element | CIOB |
| 650 ## - SUBJECT ADDED ENTRY--TOPICAL TERM | |
| Topical term or geographic name entry element | FACILITIES MANAGEMENT |
| 9 (RLIN) | 6240 |
| 650 ## - SUBJECT ADDED ENTRY--TOPICAL TERM | |
| Topical term or geographic name entry element | STANDARD FORM OF CONTRACT |
| 690 ## - LOCAL SUBJECT ADDED ENTRY--TOPICAL TERM (OCLC, RLIN) | |
| Topical term or geographic name as entry element | BUILT ENVIRONMENT-BUILDING CONTRACT FORMS |
| 942 ## - ADDED ENTRY ELEMENTS (KOHA) | |
| Suppress in OPAC | 0 |
| Withdrawn status | Lost status | Source of classification or shelving scheme | Damaged status | Not for loan | Home library | Current library | Shelving location | Date acquired | Total Checkouts | Full call number | Barcode | Date last seen | Copy number | Price effective from | Koha item type |
|---|---|---|---|---|---|---|---|---|---|---|---|---|---|---|---|
| Dewey Decimal Classification | London | London | Journal article | 23/11/1999 | ABS61487 | 102624-1001 | 06/08/2019 | 1 | 06/08/2019 | Journal article |